| 000 | 00578nam a22001937a 4500 | ||
|---|---|---|---|
| 003 | OSt | ||
| 005 | 20151016131802.0 | ||
| 008 | 130422s2007 sp ||||| |||| 00| 0 cat d | ||
| 020 | _a9788483347997 | ||
| 040 | _cCDMR | ||
| 245 | 0 | 0 |
_a15 anys _b: 100 números |
| 260 |
_aBarcelona _bFederació d'Associacions de Veïns i Veïnes de Barcelona |
||
| 260 |
_bMediterrània _c2007 |
||
| 300 |
_a209 p. _bil. |
||
| 490 | 0 |
_aQuaderns de carrer _v2 |
|
| 650 | 0 | 4 |
_92769 _aRevistes _zCatalunya |
| 710 | 2 |
_93235 _aFederació d'Associacions de Veïns i Veïnes de Barcelona |
|
| 942 |
_2udc _cMON |
||
| 999 |
_c6116 _d6116 |
||